| 000 -LEADER | |
|---|---|
| fixed length control field | 00347nam a22001337a 4500 |
| 020 ## - INTERNATIONAL STANDARD BOOK NUMBER | |
| ISBN | 9988626533 |
| 050 ## - LIBRARY OF CONGRESS CALL NUMBER | |
| Classification number | TL 152 ame |
| 100 ## - MAIN ENTRY--AUTHOR NAME | |
| Personal name | AMEGASHIE, Justice M.Y. |
| 245 ## - TITLE STATEMENT | |
| Title | Safe driving: simplified |
| 260 ## - PUBLICATION, DISTRIBUTION, ETC. (IMPRINT) | |
| Place of publication | Accra, Ghana |
| Name of publisher | Woeli Publishing Services |
| Year of publication | 2005 |
| 300 ## - PHYSICAL DESCRIPTION | |
| Number of Pages | x, 169p. : ill. : ref. |
| 942 ## - ADDED ENTRY ELEMENTS (KOHA) | |
| Koha item type | Books |
| 988 ## - PAGINATION/EXTENT | |
| PAGINATION/EXTENT | x, 169p. : ill. : ref. |
| Koha item type | Collection code | Shelving location | Accession Number | Permanent Location | Current Location | Date acquired | Full call number |
|---|---|---|---|---|---|---|---|
| Books | Lending | Lending | 0233 c1 | Chapman Library | Chapman Library | 2017-02-16 | TL 152 ame |
| Books | Lending | Lending | 0234 c2 | Chapman Library | Chapman Library | 2017-02-16 | TL 152 ame |
| Books | Lending | Lending | 0235 c3 | Chapman Library | Chapman Library | 2017-02-16 | TL 152 ame |
| Books | Lending | Lending | 0236 c4 | Chapman Library | Chapman Library | 2017-02-16 | TL 152 ame |
| Books | Lending | Lending | 2716 c5 | Chapman Library | Chapman Library | 2017-02-16 | TL 152 ame |
| Books | Reference | Reference | 2717 c6 | Chapman Library | Chapman Library | 2017-02-16 | TL 152 ame |
| Books | Reference | Reference | 2718 c7 | Chapman Library | Chapman Library | 2017-02-16 | TL 152 ame |

